Представление документа в формате MARC21

Поле Инд. ПП Название Значение
Тип записи a
Библиографический уровень m
001 Контрольный номер RU/IS/BASE/334751607
005 Дата корректировки 20221222103344.1
040 b Код языка каталог. rus
041 0_ a Код языка текста rus
080 a Индекс УДК 004.42
084 a Индекс другой классификации/Индекс ББК 32.973.26-018.2
090 a Полочн. индекс 681.3
x Авторский знак К82
097 b Оператор 11
100 1_ a Автор Криницкий Н. А.
245 10 a Заглавие Программирование и алгоритмические языки
c Ответственность под ред. А. А. Дородницына
260 a Место издания М.
b Издательство Наука
c Дата издания 1975
300 a Объем 496 с.
440 _0 a Серия Справочная математическая библиотека
510 0_ a Примечание о ссылках Книги и методические пособия
650 04 a Основная рубрика 50.05 Теоретические основы программирования
x Основная подрубрика 50.05.09 Языки программирования
653 0_ a Ключевые слова программирование; алгоритмические языки; языки программирования
700 1_ a Другие авторы Миронов Г. А.
700 1_ a Другие авторы Фролов Г. Д.
901 t Тип документа m